[Event "Le Touquet op 24th"]
[Site "Le Touquet"]
[Date "2009.10.28"]
[Round "7"]
[White "Renard, Stephane"]
[Black "Siauve, Julien"]
[Result "1-0"]
[WhiteElo "1973"]
[BlackElo "1705"]
[PlyCount "51"]
[EventDate "2009.10.24"]
[EventType "swiss"]
[EventRounds "9"]
[EventCountry "FRA"]
[SourceTitle "EXT 2020"]
[Source "ChessBase"]
[SourceDate "2019.10.17"]
[SourceVersion "1"]
[SourceVersionDate "2019.10.17"]
[SourceQuality "1"]

1. f4 d5 2. Nf3 c5 3. e3 Nc6 4. Bb5 Bd7 5. b3 e6 6. Bb2 a6 7. Bxc6 Bxc6 8. 0-0 Nf6 9. Ne5 Rc8 10. Rf3 h5 11. d3 d4 12. e4 Ng4 13. Nxc6 Rxc6 14. Qe2 Bd6 15. Nd2 e5 16. f5 Be7 17. Nf1 Bg5 18. Bc1 Bxc1 19. Rxc1 h4 20. h3 Nf6 21. a4 Nh5 22. Qd2 Nf4 23. Nh2 g6 24. Ng4 gxf5 25. Nxe5 Qg5 26. Qxf4 1-0

[Event "La Fere op 7th"]
[Site "La Fere"]
[Date "2008.07.09"]
[Round "6"]
[White "Siauve, Julien"]
[Black "Haast, Anne"]
[Result "0-1"]
[WhiteElo "1682"]
[BlackElo "2041"]
[PlyCount "80"]
[EventDate "2008.07.05"]
[EventType "swiss"]
[EventRounds "9"]
[EventCountry "FRA"]
[SourceTitle "CBM 125 Extra"]
[Source "ChessBase"]
[SourceDate "2008.09.01"]
[SourceVersion "1"]
[SourceVersionDate "2008.09.01"]
[SourceQuality "1"]

1. e4 e5 2. Nf3 Nc6 3. Nc3 Nf6 4. Bb5 d6 5. d4 exd4 6. Qxd4 Bd7 7. Bxc6 Bxc6 8. Bg5 Be7 9. 0-0-0 0-0 10. h4 a5 11. Nd5 Bxd5 12. exd5 Qd7 13. Rh3 c6 14. Rg3 Nh5 15. Qg4 Qxg4 16. Rxg4 f6 17. Be3 f5 18. Rc4 c5 19. Ng5 b5 20. Rc3 Bxg5 21. Bxg5 Rae8 22. Re3 Rxe3 23. Bxe3 Re8 24. Bd2 a4 25. Re1 Rxe1+ 26. Bxe1 Nf4 27. b3 a3 28. c4 b4 29. g3 Nd3+ 30. Kd2 Ne5 31. Ke3 Kf7 32. Bd2 Ng6 33. f3 f4+ 34. gxf4 Nxh4 35. Ke4 g6 36. Be1 Nf5 37. Bf2 h5 38. Kd3 h4 39. Ke2 h3 40. Kf1 Nd4 0-1

[Event "La Fere op 7th"]
[Site "La Fere"]
[Date "2008.07.06"]
[Round "2"]
[White "Siauve, Julien"]
[Black "Regniez, Jeremy"]
[Result "0-1"]
[WhiteElo "1682"]
[BlackElo "1750"]
[PlyCount "58"]
[EventDate "2008.07.05"]
[EventType "swiss"]
[EventRounds "9"]
[EventCountry "FRA"]
[SourceTitle "CBM 125 Extra"]
[Source "ChessBase"]
[SourceDate "2008.09.01"]
[SourceVersion "1"]
[SourceVersionDate "2008.09.01"]
[SourceQuality "1"]

1. e4 e6 2. d4 a6 3. Be3 b5 4. Bd3 Bb7 5. Nd2 Nf6 6. Ne2 Be7 7. 0-0 0-0 8. Ng3 d6 9. f4 c5 10. c3 Nbd7 11. f5 Rc8 12. fxe6 fxe6 13. Nf3 h6 14. a3 Nb6 15. Qb1 Ng4 16. Bf2 Bh4 17. Be2 Nxf2 18. Nxh4 Qxh4 19. Rxf2 Rxf2 20. Kxf2 Qxh2 21. Qc2 Rf8+ 22. Bf3 Qh4 23. Rh1 Qg5 24. Rh5 Qe7 25. dxc5 dxc5 26. Qc1 Nd7 27. Qe3 Qd6 28. Rh1 Ne5 29. Rh3 Ng4+ 0-1

[Event "Le Touquet op-B 20th"]
[Site "Le Touquet"]
[Date "2005.10.23"]
[Round "1"]
[White "Auwens, Michiel"]
[Black "Siauve, Julien"]
[Result "1-0"]
[WhiteElo "1830"]
[BlackElo "1650"]
[PlyCount "69"]
[EventDate "2005.10.22"]
[EventType "swiss"]
[EventRounds "9"]
[EventCountry "FRA"]
[SourceTitle "EXT 2006"]
[Source "ChessBase"]
[SourceDate "2005.11.24"]
[SourceVersion "1"]
[SourceVersionDate "2005.11.24"]
[SourceQuality "1"]

1. e4 e6 2. d4 d5 3. e5 c5 4. c3 Nc6 5. Be3 Qb6 6. Qd2 cxd4 7. cxd4 Nge7 8. Bd3 Bd7 9. Nf3 g6 10. Nc3 Bg7 11. Rc1 0-0 12. h4 a6 13. h5 Rac8 14. hxg6 fxg6 15. Rh3 Nf5 16. Na4 Qa5 17. Nc5 Qxd2+ 18. Kxd2 Rc7 19. Bxf5 Rxf5 20. Ng5 Nxd4 21. Rxh7 Rxg5 22. Rxg7+ Kxg7 23. Bxg5 Bc8 24. Bf6+ Kg8 25. Kd3 Nf5 26. Bd8 Rc6 27. b4 b6 28. Nb3 Rxc1 29. Nxc1 b5 30. g4 Ng7 31. Kd4 Bb7 32. Nd3 Kf7 33. Kc5 Bc8 34. Kd6 Ke8 35. Bf6 1-0